[O príncipe disfarçado (Registo nº 4658)

Detalhes MARC
000 -Etiqueta do registo
Cabeçalho 00599nam0a2200229 4500
005 - Identificador da versão
Campo de controlo 20240813122108.0
010 ## - Número internacional normalizado dos livros (ISBN)
Número (ISBN) 9725003888
100 ## - Dados gerais de processamento
Dados gerais de processamento 20190115f198- c y0pory5003 ba
102 ## - Pais de publicação ou produção
País de publicação Portugal
101 1# - Língua de publicação
Língua do texto, banda sonora, etc. Português
Língua do documento no original Espanhol
215 ## - Descrição física 
Indicação específica da natureza do documento e extensão da espécie [8] p.
Outras indicações físicas il. color
200 1# - Titulo e menção de responsabilidade
Título próprio [O príncipe disfarçado
Primeira menção de responsabilidade Constanza]
225 1# - Colecção 
Título próprio da colecção Esmeralda
Indicação de volume 6
210 ## - Publicação, Distribuição, etc. 
Lugar da edição, distribuição, etc. [Porto
Nome do editor, distribuidor, etc. Majora
Data da publicação, distribuição, etc. 198-?]
606 ## - Nome comum usado como assunto
Número de registo de entrada de autoridade 0001466
Palavra de ordem Literatura espanhola
Subdivisão de assunto Conto
Código do sistema CA
675 ## - Classificação Decimal Universal (CDU)
Notação 821.134.2-34
Edição 3ª ed.
Língua da edição por
700 #0 - Nome de autor-pessoa física (responsabilidade principal)
Número de registo de entrada de autoridade 0002055
Palavra de ordem Constanza
966 ## - Identificação da Biblioteca
Sigla EBVEN
942 ## - Elementos de entrada adicionados (Koha)
Tipo de item no Koha Livro
Exemplares
Situação do levantamento Origin of item (home branch) (coded) Biblioteca de empréstimo Código de barras Cota Circulation type (not for loan) Tipo de documento Nota do exemplar Damaged status
  Biblioteca Escolar das Vendas Biblioteca Escolar das Vendas BEV1461 8EST CON   Livro Sem mensagem